000 00629nam a22001937a 4500
999 _c14465
_d14465
003 AR-CdUCM
008 190422b ||||| |||| 00| 0 spa d
020 _a978-607-618-550-6
040 _aMUNICIPALIDAD PROVINCIAL DEL CUSCO
_cBIBLIOTECA MUNICIPAL DEL CUSCO
041 _heng
082 _aPI / 376.1 /
_bI45
245 _aInserta y aprende a contar /
260 _aMéxico :
_bTide mill media,
_c2015.
300 _a14 páginas ;
_bIlustraciones,
_c22 cm.
_e6 pasadores,
650 _aCuento infantil
_93319
700 _aCaballero del Moral, Samantha (traducción)
_932774
942 _2ddc
_cLIBROS
945 _aacv
_d2019-04-23